| 000 -LEADER |
| fixed length control field |
00448cam a22001337a 4500 |
| 008 - FIXED-LENGTH DATA ELEMENTS--GENERAL INFORMATION |
| fixed length control field |
180718b1978 xxu||||| |||| 00| 0 eng d |
| 082 ## - DEWEY DECIMAL CLASSIFICATION NUMBER |
| Classification number |
T19x54 R812c |
| 245 ## - TITLE STATEMENT |
| Title |
Collected essays on economic problems of India |
| Statement of responsibility, etc. |
eidted by H. Roy |
| 260 ## - PUBLICATION, DISTRIBUTION, ETC. |
| Place of publication, distribution, etc. |
Calcutta |
| Name of publisher, distributor, etc. |
World Press |
| Date of publication, distribution, etc. |
1978 |
| 300 ## - PHYSICAL DESCRIPTION |
| Extent |
199p. |
| 500 ## - GENERAL NOTE |
| General note |
Contents: Articles Pub. in Economic Affairs during 1970-75, Rs.20.00 |
| 650 ## - SUBJECT ADDED ENTRY--TOPICAL TERM |
| Topical term or geographic name entry element |
India - Economic conditions |
| 700 ## - ADDED ENTRY--PERSONAL NAME |
| Personal name |
Roy, Himansu, ed. |